000
00260nam a2200109Ia 4500
008
200302s9999 xx 000 0 und d
100
_a
Roger yee
245
_a
Corporate Interiors no.8
260
_b
Visual Reference New york
260
_c
2007
300
_a
300 P.,
999
_c
2928
_d
2928